000 03646cam a2200445 a 4500
999 _c112985
_d112985
001 17247672
003 BJBSDDR
005 20260303111952.0
008 120409s2009 vau b 000 0 eng
010 _a 2011377509
020 _a1598035886
020 _a9781598035889
040 _aDLC
_cDLC
042 _apcc
050 0 0 _aLB 14.6
_bS912e 2009
082 _2370
100 0 _aSócrates,
_d470-399 a. de J. C.
_xCritica e Interpretación
_96173
130 _96091
_aThe Great Courses
245 1 0 _aEarth at the crossroads :
_bunderstanding the ecology of a changing planet /
_cEric G. Strauss.
246 3 0 _aUnderstanding the ecology of a changing planet
260 _aChantilly, Va. :
_bTeaching Co.,
_c2009.
300 _a3 volumes ;
_c21 cm.
440 _96419
_aGreat courses
490 0 _aThe great courses
500 _aCourse no. 1720.
500 _a"Lecture transcript and course guidebook"--Cover.
505 _av.1: lecture 1: An ecological diagnosis of the living earth -- lecture 2. Humanity and the tragedy of the commons -- lecture 3. Ecology- natural history to holistic science -- lecture 4. Ecology as a system- presses and pulses -- lecture 5. Climate and habitat- twin ecological crises -- lecture 6. Human society as ecological driver -- lecture 7. Movement of energy through living systems -- lecture 8. Humans as energy consumers -- lecture 9. Nutrient cycling in ecosystems -- lecture 10. The challenges of waste and disposal -- lecture 11. The water cycle and climate -- lecture 12. Human water use and climate change -- v.2: lecture 13. Rain and heat- forces that shape climate -- lecture 14. The ecology of global climate change -- lecture 15. How living organisms acquire food -- lecture 16. The ecological consequences of agriculture -- lecture 17. Food, energy flows, biomagnification -- lecture 18. The human ecology of biomagnification -- lecture 19. The ecological community as a living mosaic -- lecture 20. Wildlife adaptation to human landscapes -- lecture 21. Biodiversity, disturbance, invasive species -- lecture 22. Biodiversity decline and restoration ecology -- lecture 23. Microevolution and biological variation -- lecture 24. Human impacts on ecological space and time -- v.3: lecture 25. Population growth and its natural limits -- lecture 26. The human shift to an urban lifestyle -- lecture 27. The ecology of dispersal and migration -- lecture 28. Human impacts on animal migration -- lecture 29. Ecology and economy of sex and reproduction -- lecture 30. Cities and the human demographic transition -- lecture 31. Coevolution among species -- lecture 32. The coevolution of human diseases -- lecture 33. Strategies for reversing ecosystem decline -- lecture 34. Designing spaces for wildlife -- lecture 35. Toward sustainable urban ecosystems -- lecture 36. Recovering ecosystems- hope for the future.
520 _aEcology is to reveal the nature of ourselves and of our relationship with the species around us. The lectures in this course are often in pairs, with basic ecological principles discussed in the first lecture and the human role or human implications addressed in the second
650 4 _aEducación
_91877
650 4 _aEnseñanza
_96089
650 4 _aEcología humana
_96175
650 4 _aEcología
_9573
650 4 _aNaturaleza
_96176
_xEfecto de los seres humanos
650 4 _aNaturaleza
_96177
_xInfluencia de los seres humanos
710 2 _96101
_aTeaching Company
830 _96091
_aThe Great Courses
906 _a7
_bcbc
_corignew
_d2
_encip
_f20
_gy-gencatlg
942 _2lcc
_cBK